000 00451nam a22001457a 4500
005 20250320100742.0
008 250310b |||||||| |||| 00| 0 eng d
020 _a9781442426740
082 _aDFic H190 2015
100 _aHan, Jenny.
_942254
245 _aP.S I still love you /
_cJenny Han.
260 _aNew York :
_bSimon and Schuster Children's Publishing Division,
_c©2015.
300 _a337 pages :
_billustrations ;
_c21 cm.
942 _2ddc
_cDFIC
999 _c23580
_d23580